000 01142nam a2200265Ia 4500
003 OSt
005 20220930094812.0
006 a|||||r|||| 00| 0
007 ta
008 220926b |||||||| |||| 00| 0 hin d
024 _a19636
037 _cTheses
040 _aCRL
_cCRL
_bhin
041 _2hin
_ahin
100 _aआशीष कुमार
110 _aदिल्ली विश्वविद्यालय. कला संकाय. संस्कृत विभाग
_9556318
245 0 _aअद्वैतदीपिका में तत्त्वमीमांसा
246 _aAdvaitadīpikā mean tattvamīmāansā
260 _c2013
650 _aसंस्कृत साहित्य
700 _a प्रो. शकुन्तला पुन्जानी, गा.
_9556319
700 _aदिल्ली विश्वविद्यालय. कला संकाय. संस्कृत विभाग
_9556320
942 _cDIS
_2CC
999 _c887701
_d887701